Biblia - kniha kníh : Z českého orig /

Enregistré dans:
Détails bibliographiques
Auteur principal: Holasová, Zuzana (Auteur)
Format: Livre
Langue:slovaque
Publié: Bratislava : IRIS-Knižní klub, 1993
Collection:Edícia: Človek a svet
Tags: Ajouter un tag
Pas de tags, Soyez le premier à ajouter un tag!

MARC

LEADER 00000nam a22000003a 4500
001 stu22985
005 20150617225751.3
008 941213s1993----cs------------------slo-d
020 |a 80-900530-4-1 
040 |a STU  |b slo 
041 0 |a slo 
044 |a cs 
080 |a 291 
100 1 |a Holasová, Zuzana  |4 aut 
245 1 |a Biblia - kniha kníh :  |b Z českého orig /  |c [aut.]Holasová,Zuzana 
260 |a Bratislava :  |b IRIS-Knižní klub,  |c 1993 
300 |a 32 s :  |b Obrázky 
830 0 |a Edícia: Človek a svet 
996 |b CB1958  |c C*B1958  |l CCXII  |s P  |a 0  |w stu22985_0001